| 000 | 01818nam a2200205 i 4500 | ||
|---|---|---|---|
| 001 | 184440 | ||
| 003 | ES-MaACL | ||
| 005 | 20250924165406.0 | ||
| 008 | 150827s1908 xxu |||| | eng d | ||
| 245 | 0 | 0 |
_aEssays philosophical and psychological _b: in honor of William James, professor in Harvard University / _cby his colleagues at Columbia University. |
| 260 |
_aNew York : _bLongmans, Green, _c1908. |
||
| 300 |
_aVIII, 610 p., [1] h. de lám. ; _c23 cm. |
||
| 505 | 0 | _aThe new realism / by George Stuart Fullerton . Does reality possess practical character? / by John Dewey . A factor in the genesis of idealism / by Wendell T. Bush . Consciousness a form of energy / by Wm. Pepperrell Montague . Perception and epistemology / by Frederick J.E. Woodbridge . Substitutionalism / by C.A. Strong . World-pictures / by Walter Boughton Pitkin . Naïve realism: what is it? / by Dickinson S. Miller . Kant and the English Platonists / by Arthur O. Lovejoy . A critique of Kant's ethics / by Felix Adler . The abuse of abstraction in ethics / by Herbert Gardiner Lord . Purposive consistency, the outline of a classification of values / by G.A. Tawney . The problem of method in mathematics and philosophy / by Harold Chapman Brown . Pragmatism in æsthetics / by Kate Gordon . The consciousness of relation / by R.S. Woodworth . On the variability of individual judgment / by Frederic Lyman Wells . The validity of judgments of character / by Naomi Norsworthy . Reactions and perceptions / by James McKeen Cattell . A pragmatic substitute for free will / by Edward L. Thorndike. | |
| 599 | _aLám.: retr. de William James. | ||
| 600 | 1 | 4 |
_aJames, William, _d1842-1910 _965978 |
| 650 | 7 |
_aFilosofía _2embne _912802 |
|
| 650 | 7 |
_aPsicología _2embne _916540 |
|
| 852 |
_aES-MaACL _jG-10854 |
||
| 999 |
_c184440 _d184440 |
||